000 00548 a2200169 4500
005 20250619123442.0
020 _a9781529716481
050 _aRC 440
_bUND 2022
100 _aTrenoweth,Steve
_eauthor
245 _aUnderstanding Mental Health Practice for Adult Nursing Students /
_cedited by Steve Trenoweth
264 _aNew Delhi :
_bLM Learning Matters,
_c2022
300 _a170 pages
_billustrations
336 _2rdacontent
_atext
_btxt
337 _2rdamedia
_aunmediated
_bn
338 _2rdacarrier
_avolume
_bnc
942 _2lcc
_cBK
_h440
_iUND
_kRC
999 _c11616
_d11616